[Event "Gibtelecom Masters"]
[Site "Gibraltar"]
[Date "2009.02.03"]
[Round "8.35"]
[White "Spence, David J"]
[Black "Houska, Jovanka"]
[Result "0-1"]
[WhiteElo "2223"]
[BlackElo "2392"]
[PlyCount "124"]
[EventDate "2009.01.27"]

1. d4 d5 2. Nf3 Nf6 3. e3 c6 4. Bd3 Bg4 5. Nbd2 e6 6. c4 Nbd7 7. b3 Bd6 8. Bb2
O-O 9. O-O a5 10. Qc2 Qb8 11. h3 Bh5 12. Ng5 Bg6 13. Bxg6 hxg6 14. e4 Bh2+ 15.
Kh1 Bf4 16. Ngf3 Bxd2 17. Nxd2 dxe4 18. Nxe4 Qf4 19. Rfe1 Rfd8 20. Rad1 a4 21.
Re2 axb3 22. axb3 Nxe4 23. Rxe4 Qf5 24. Re2 Qxc2 25. Rxc2 Ra2 26. Rcd2 Nf6 27.
f3 b5 28. Kg1 Nh5 29. Kf2 bxc4 30. bxc4 Rb8 31. Ba1 Rba8 32. Bb2 Nf4 33. Ke3 g5
34. h4 f6 35. hxg5 fxg5 36. Ke4 Kf7 37. g3 Nh5 38. g4 Nf4 39. Bc1 Ra1 40. Bb2
R1a4 41. Rc2 Rb8 42. Bc1 Rb1 43. Rb2 Rxb2 44. Bxb2 Rxc4 45. Rc1 Rb4 46. Bc3 Ra4
47. Ra1 Nd5 48. Bb2 Rb4 49. Ba3 Rb3 50. Bc1 Kf6 51. Ra3 Nc3+ 52. Kd3 Na2+ 53.
Kc2 Nxc1 54. Rxb3 Nxb3 55. Kxb3 e5 56. Kc4 Ke6 57. Kc5 exd4 58. Kxd4 Kd6 59.
Ke4 c5 60. f4 gxf4 61. Kxf4 Kd5 62. g5 g6 0-1

[Event "Gibtelecom Masters"]
[Site "Gibraltar"]
[Date "2009.02.03"]
[Round "8.36"]
[White "Kandic, Milan"]
[Black "Perez Ponsa, Federico"]
[Result "0-1"]
[WhiteElo "2208"]
[BlackElo "2390"]
[PlyCount "66"]
[EventDate "2009.01.27"]

1. e4 c5 2. Nf3 d6 3. d4 cxd4 4. Nxd4 Nf6 5. Nc3 a6 6. Bc4 e6 7. Bb3 Nbd7 8.
Be3 Nc5 9. Qf3 b5 10. e5 Bb7 11. Nc6 Qc7 12. exf6 Bxc6 13. fxg7 Bxg7 14. Qg4
Rg8 15. Bd4 Kf8 16. Bxg7+ Rxg7 17. Qf4 a5 18. a3 Nxb3 19. cxb3 Bxg2 20. Rg1 Qc5
21. Ne4 Bxe4 22. Rxg7 Kxg7 23. Qxe4 Rc8 24. Kf1 Qc6 25. Qxc6 Rxc6 26. Rd1 d5
27. Rd2 Kf6 28. Ke2 Rc1 29. Kf3 Kf5 30. Ke3 Ke5 31. Kf3 d4 32. Re2+ Kf5 33. Kg2
e5 0-1

[Event "Gibtelecom Masters"]
[Site "Gibraltar"]
[Date "2009.02.03"]
[Round "8.37"]
[White "Gandrud, Vegar Koi"]
[Black "Maryasin, Boris"]
[Result "0-1"]
[WhiteElo "2046"]
[BlackElo "2340"]
[PlyCount "56"]
[EventDate "2009.01.27"]

1. d4 Nf6 2. c4 c5 3. d5 e5 4. Nc3 d6 5. e4 g6 6. Be2 Bg7 7. Nf3 Nbd7 8. Bg5 h6
9. Bh4 g5 10. Bg3 Nh5 11. h4 g4 12. Nd2 Ndf6 13. Qa4+ Bd7 14. Qb3 O-O 15. O-O
Nf4 16. Qxb7 Rb8 17. Qxa7 Rxb2 18. Rad1 Rc2 19. Bxf4 exf4 20. Nb5 Rxd2 21. Rxd2
Nxe4 22. Rd3 Be5 23. Bxg4 Bxg4 24. f3 Ng3 25. fxg4 Qxh4 26. Rfd1 f3 27. R3d2
Qh1+ 28. Kf2 fxg2 0-1

[Event "Gibtelecom Masters"]
[Site "Gibraltar"]
[Date "2009.02.03"]
[Round "8.39"]
[White "Linqvist, Grels"]
[Black "Carlsen, Ellen Oen"]
[Result "1/2-1/2"]
[WhiteElo "2034"]
[BlackElo "1888"]
[PlyCount "86"]
[EventDate "2009.01.27"]

1. c4 g6 2. g3 c5 3. Bg2 Bg7 4. Nf3 Nc6 5. Nc3 e5 6. O-O Nge7 7. d3 O-O 8. a3
f5 9. e3 d6 10. Rb1 Rb8 11. Bd2 a6 12. b4 cxb4 13. axb4 b5 14. cxb5 axb5 15.
Qb3+ Kh8 16. Rfc1 Qe8 17. Ne2 Nd8 18. Bc3 Be6 19. Qb2 Nf7 20. Qd2 g5 21. Ne1 g4
22. d4 Ng5 23. dxe5 dxe5 24. Qb2 Ng6 25. Nf4 Bc4 26. Nxg6+ hxg6 27. Ra1 Qe7 28.
Ra6 Kh7 29. Rca1 e4 30. Bxg7 Qxg7 31. Qxg7+ Kxg7 32. Ra7+ Rf7 33. Rxf7+ Kxf7
34. Bf1 Rc8 35. Bxc4+ Rxc4 36. Rb1 Ne6 37. Kf1 Nc7 38. Rb2 Nd5 39. Nc2 Kf6 40.
Ke1 g5 41. Kd2 Ke5 42. Nd4 Kf6 43. Nc2 Ke5 1/2-1/2

[Event "Gibtelecom Masters"]
[Site "Gibraltar"]
[Date "2009.02.03"]
[Round "8.40"]
[White "Erdelyi, Tamas"]
[Black "Zanetti, Bruno"]
[Result "1/2-1/2"]
[WhiteElo "2152"]
[BlackElo "2008"]
[PlyCount "59"]
[EventDate "2009.01.27"]

1. Nf3 d5 2. d4 e6 3. c4 c6 4. Qb3 f5 5. g3 Nf6 6. Bg2 Bd6 7. O-O O-O 8. Bf4
Bxf4 9. gxf4 Ne4 10. Ne5 Nd7 11. f3 Nxe5 12. fxe5 Ng5 13. cxd5 exd5 14. e4 Ne6
15. Rd1 fxe4 16. fxe4 dxe4 17. Bxe4 Qg5+ 18. Bg2 Kh8 19. Qg3 Qf4 20. Qxf4 Nxf4
21. Nc3 Bg4 22. Rd2 Rad8 23. Re1 h5 24. Re3 Nxg2 25. Kxg2 Be6 26. Rf3 Rxf3 27.
Kxf3 g5 28. Ke3 Kg7 29. a3 Kg6 30. Rf2 1/2-1/2

[Event "Gibtelecom Masters"]
[Site "Gibraltar"]
[Date "2009.02.03"]
[Round "8.44"]
[White "Samuelsson, Sven-Gunnar"]
[Black "Calzetta, Monica"]
[Result "0-1"]
[WhiteElo "2142"]
[BlackElo "2371"]
[PlyCount "76"]
[EventDate "2009.01.27"]

1. d4 Nf6 2. c4 c5 3. Nf3 cxd4 4. Nxd4 e5 5. Nc2 d5 6. cxd5 Qxd5 7. Qxd5 Nxd5
8. g3 Bf5 9. Bg2 Bxc2 10. Bxd5 Nc6 11. O-O Rd8 12. Bxc6+ bxc6 13. Be3 a6 14.
Nc3 Rb8 15. b3 Ba3 16. Bc1 Bb4 17. Bb2 Rd8 18. Na4 f6 19. Rac1 Rd2 20. Bc3 Bxc3
21. Nxc3 Ke7 22. f3 Rhd8 23. Kf2 f5 24. Ke3 g5 25. f4 exf4+ 26. gxf4 g4 27. Na4
Be4 28. Nc3 Bc2 29. Na4 h5 30. Nc5 h4 31. Nd3 Rxe2+ 32. Kxe2 Bxd3+ 33. Ke3 Bxf1
34. Rxf1 Rd5 35. Rc1 Kd6 36. Rc4 Rd1 37. Ra4 g3 38. hxg3 h3 0-1

[Event "Gibtelecom Masters"]
[Site "Gibraltar"]
[Date "2009.02.03"]
[Round "8.45"]
[White "Leniart, Arkadiusz"]
[Black "Daoudi, Kamal"]
[Result "1-0"]
[WhiteElo "2360"]
[BlackElo "2209"]
[PlyCount "61"]
[EventDate "2009.01.27"]

1. e4 e5 2. Nf3 Nc6 3. Bb5 a6 4. Ba4 Nf6 5. O-O b5 6. Bb3 Bc5 7. a4 Rb8 8. axb5
axb5 9. Nxe5 Nxe5 10. d4 Bxd4 11. Qxd4 d6 12. f4 c5 13. Qc3 Neg4 14. h3 c4 15.
hxg4 cxb3 16. g5 Ng4 17. Qxg7 Qb6+ 18. Kh1 Rf8 19. Nc3 Be6 20. cxb3 h6 21. f5
Bxb3 22. gxh6 Bc4 23. Qxg4 Bxf1 24. Nd5 Qf2 25. Be3 Qe2 26. Nf6+ Kd8 27. Qxe2
Bxe2 28. Ra7 Rh8 29. h7 Bd3 30. Rxf7 b4 31. Rg7 1-0

[Event "Gibtelecom Masters"]
[Site "Gibraltar"]
[Date "2009.02.03"]
[Round "8.46"]
[White "Van Eijk, Sander"]
[Black "Kvisla, Johannes Luangtep"]
[Result "1-0"]
[WhiteElo "2355"]
[BlackElo "2208"]
[PlyCount "59"]
[EventDate "2009.01.27"]

1. e4 e6 2. d4 d5 3. Nd2 c5 4. Ngf3 cxd4 5. exd5 Qxd5 6. Bc4 Qd6 7. O-O Nf6 8.
Re1 Nc6 9. Ne4 Nxe4 10. Rxe4 Be7 11. Bf4 Qc5 12. Bd3 Bd7 13. a3 a6 14. b4 Qh5
15. Rb1 f5 16. Re1 Qg4 17. Qd2 g5 18. Be5 Rg8 19. Be2 Nxe5 20. Nxe5 Qf4 21.
Bh5+ Kd8 22. Qd3 Bf6 23. g3 Qxe5 24. Rxe5 Bxe5 25. Re1 Bf6 26. Bf7 Kc7 27. Qc4+
Bc6 28. Qxe6 Rge8 29. Bxe8 Rxe8 30. Qf7+ 1-0

[Event "Gibtelecom Masters"]
[Site "Gibraltar"]
[Date "2009.02.03"]
[Round "8.50"]
[White "Green, Andrew D"]
[Black "Ripari, Marcelo"]
[Result "1/2-1/2"]
[WhiteElo "2136"]
[BlackElo "2313"]
[PlyCount "64"]
[EventDate "2009.01.27"]

1. e4 c5 2. Nf3 e6 3. d3 Nc6 4. g3 g6 5. Bg2 Bg7 6. c3 d5 7. Qe2 Nge7 8. O-O b6
9. e5 a5 10. a4 Qd7 11. Na3 Ba6 12. Nb5 O-O 13. Re1 Na7 14. c4 Nxb5 15. axb5
Bb7 16. g4 Rae8 17. Bg5 Kh8 18. Bf6 Ng8 19. g5 Ne7 20. Bxe7 Qxe7 21. h4 dxc4
22. dxc4 Bxf3 23. Bxf3 Rd8 24. Rad1 Qc7 25. Qe3 Rxd1 26. Bxd1 Rd8 27. f4 Rd4
28. b3 Qd8 29. Bc2 Rd2 30. Re2 Rxe2 31. Qxe2 Qd4+ 32. Qf2 Qxf2+ 1/2-1/2

[Event "Gibtelecom Masters"]
[Site "Gibraltar"]
[Date "2009.02.03"]
[Round "8.51"]
[White "Rasch, Holger"]
[Black "Osuna Vega, Enrique"]
[Result "1-0"]
[WhiteElo "2301"]
[BlackElo "2130"]
[PlyCount "139"]
[EventDate "2009.01.27"]

1. e4 e6 2. d4 d5 3. e5 c5 4. c3 Nc6 5. Nf3 Qb6 6. a3 c4 7. Nbd2 Na5 8. Be2 Bd7
9. O-O Ne7 10. Rb1 h6 11. h3 Qc7 12. Re1 Nc8 13. Nf1 Nb6 14. Qd2 Nb3 15. Qe3 a5
16. N3d2 a4 17. f4 O-O-O 18. g4 f6 19. Nf3 fxe5 20. Nxe5 Be8 21. Bd1 Nd7 22.
Bc2 Bd6 23. Nh2 Nxe5 24. fxe5 Be7 25. Qg3 Bd7 26. Be3 Rdf8 27. Rf1 Qd8 28. Rxf8
Rxf8 29. Rf1 Rxf1+ 30. Kxf1 Bg5 31. Qf2 Bxe3 32. Qxe3 Qf8+ 33. Qf2 Qxf2+ 34.
Kxf2 Na5 35. g5 hxg5 36. Kg3 Kd8 37. Kg4 Ke7 38. Kxg5 Be8 39. Ng4 b5 40. Ne3
Nc6 41. Ng2 Nd8 42. Bg6 Bd7 43. Nf4 Kf8 44. h4 Ke7 45. Bh5 Kf8 46. Bg6 Ke7 47.
h5 Nc6 48. h6 gxh6+ 49. Kxh6 Nd8 50. Kg7 Bc6 51. Bh5 Be8 52. Bxe8 Kxe8 53. Kf6
Kd7 54. Ng6 Ke8 55. Nh8 Kd7 56. Nf7 Nc6 57. Nd6 b4 58. axb4 Nxd4 59. cxd4 c3
60. bxc3 a3 61. Nb7 Kc6 62. Nc5 Kb5 63. Nb3 Kc4 64. Na1 a2 65. Kxe6 Kxc3 66. b5
Kxd4 67. b6 Kc3 68. b7 Kb2 69. b8=Q+ Kxa1 70. Qb4 1-0

[Event "Gibtelecom Masters"]
[Site "Gibraltar"]
[Date "2009.02.03"]
[Round "8.53"]
[White "Sanchez, Louis"]
[Black "Arnott, Jonathan W"]
[Result "0-1"]
[WhiteElo "2263"]
[BlackElo "2117"]
[PlyCount "106"]
[EventDate "2009.01.27"]

1. e4 e6 2. d4 d5 3. Nc3 Nf6 4. Bg5 Be7 5. e5 Nfd7 6. Bxe7 Qxe7 7. f4 a6 8. Nf3
c5 9. Qd2 Nc6 10. dxc5 Nxc5 11. O-O-O b5 12. Bd3 b4 13. Ne2 a5 14. f5 Ba6 15.
Bxa6 Rxa6 16. Rhf1 b3 17. cxb3 a4 18. bxa4 Rxa4 19. Kb1 O-O 20. Rc1 Nb4 21. Nc3
Ne4 22. Nxe4 dxe4 23. Nd4 Nd3 24. Nc6 Qb7 25. f6 h6 26. Ne7+ Kh7 27. Rc3 g6 28.
Rb3 Qa6 29. a3 Nxe5 30. Rf4 g5 31. Rf2 Ng4 32. Re2 Nxf6 33. Rh3 Qb5 34. Ree3
Re8 35. Qf2 Qe5 36. Nc6 Qf4 37. Qc2 Qf1+ 38. Ka2 Rc4 39. Rc3 Rxc3 40. Rxc3 Nd5
41. Rf3 Qb5 42. Rxf7+ Kg8 43. Ra7 Qd3 44. Qc5 e3 45. Ne5 Qe4 46. Qb5 Nf6 47.
Rf7 Qd5+ 48. Qxd5 exd5 49. Rxf6 Rxe5 50. Rf1 d4 51. Kb3 d3 52. Kc3 d2 53. Ra1
Rc5+ 0-1

[Event "Gibtelecom Masters"]
[Site "Gibraltar"]
[Date "2009.02.03"]
[Round "8.55"]
[White "Haugstad, Espen"]
[Black "White, Michael J R"]
[Result "0-1"]
[WhiteElo "2114"]
[BlackElo "2251"]
[PlyCount "60"]
[EventDate "2009.01.27"]

1. e4 c5 2. Nf3 Nc6 3. d4 cxd4 4. Nxd4 e5 5. Nb5 a6 6. Nd6+ Bxd6 7. Qxd6 Qf6 8.
Qxf6 Nxf6 9. Nc3 Nb4 10. Bd3 h6 11. f4 d6 12. a3 Nxd3+ 13. cxd3 Be6 14. Be3 O-O
15. Ne2 Rac8 16. Kd2 Ng4 17. Ba7 f5 18. h3 Nf6 19. exf5 Bxf5 20. Rac1 e4 21.
Nd4 Bh7 22. f5 exd3 23. Rhe1 Nd5 24. g4 Rxc1 25. Rxc1 Ra8 26. Ne6 Rxa7 27. Rc8+
Kf7 28. Rh8 Nf6 29. g5 Ne4+ 30. Kxd3 Bxf5 0-1

[Event "Gibtelecom Masters"]
[Site "Gibraltar"]
[Date "2009.02.03"]
[Round "8.57"]
[White "Compton, Alistair"]
[Black "Hartvig, Ove Weiss"]
[Result "0-1"]
[WhiteElo "2079"]
[BlackElo "2237"]
[PlyCount "92"]
[EventDate "2009.01.27"]

1. e4 c6 2. d4 d5 3. e5 c5 4. Nf3 Nc6 5. c3 Bg4 6. dxc5 e6 7. b4 Qc7 8. Bb5
Bxf3 9. Qxf3 Qxe5+ 10. Be3 Nf6 11. O-O Be7 12. Bd4 Qc7 13. Re1 O-O 14. Bxc6
bxc6 15. Nd2 Nd7 16. Nb3 Rac8 17. Qd3 e5 18. Be3 Bf6 19. Red1 e4 20. Qc2 Be5
21. h3 f5 22. Bd4 Rf6 23. c4 Rg6 24. cxd5 cxd5 25. Kf1 Bxd4 26. Nxd4 Qh2 27. g3
f4 28. gxf4 e3 29. Ke2 Qxf4 30. Qf5 Qxf2+ 31. Qxf2 exf2 32. Rd3 Ne5 33. Re3 Nc4
34. Rf3 Rg1 35. Nc2 Rxa1 36. Nxa1 a5 37. a3 axb4 38. axb4 Ra8 39. Nc2 Ra2 40.
Rc3 d4 41. Rxc4 d3+ 42. Kf1 dxc2 43. c6 Ra1+ 44. Kxf2 c1=Q 45. Rxc1 Rxc1 46. b5
Rc5 0-1

[Event "Gibtelecom Masters"]
[Site "Gibraltar"]
[Date "2009.02.03"]
[Round "8.58"]
[White "Dasaolu, Adeoye"]
[Black "Dunn, Andrew"]
[Result "1/2-1/2"]
[WhiteElo "2024"]
[BlackElo "2216"]
[PlyCount "116"]
[EventDate "2009.01.27"]

1. Nf3 d5 2. d4 e6 3. Bg5 Nf6 4. e3 Be7 5. c4 O-O 6. Nc3 h6 7. Bh4 Ne4 8. Bxe7
Qxe7 9. Nxe4 dxe4 10. Nd2 f5 11. Qb3 Kh8 12. g3 e5 13. Qc3 exd4 14. exd4 Nc6
15. O-O-O Qf6 16. Nb3 a5 17. Kb1 a4 18. Nc1 Rd8 19. Ne2 b6 20. d5 Qxc3 21. Nxc3
Ne5 22. Be2 Bd7 23. Kc1 Be8 24. Kd2 g6 25. Ke3 Kg7 26. Rd4 Nf7 27. f3 exf3 28.
Bxf3 Nd6 29. Re1 Bd7 30. Kf2 Re8 31. Rxe8 Rxe8 32. Bd1 Ra8 33. Be2 Kf6 34. Ke3
g5 35. Rd1 Re8+ 36. Kf2 Ne4+ 37. Nxe4+ Rxe4 38. Rc1 Ke5 39. Bd3 Rd4 40. Re1+
Kd6 41. Ke3 Kc5 42. Rf1 b5 43. b4+ axb3 44. axb3 f4+ 45. gxf4 gxf4+ 46. Rxf4
Rxf4 47. Kxf4 Kd4 48. Be2 b4 49. Bg4 Be8 50. Bd1 Bg6 51. h3 Bd3 52. h4 Bh7 53.
Kg4 Bg6 54. Kf4 Bh7 55. Kf3 Be4+ 56. Kf2 Bf5 57. Kf3 Be4+ 58. Kf4 Bh7 1/2-1/2

[Event "Gibtelecom Masters"]
[Site "Gibraltar"]
[Date "2009.02.03"]
[Round "8.59"]
[White "Thomassen, Joachim"]
[Black "Aerni, Andi"]
[Result "1/2-1/2"]
[WhiteElo "2290"]
[BlackElo "2102"]
[PlyCount "54"]
[EventDate "2009.01.27"]

1. e4 d5 2. exd5 Qxd5 3. Nc3 Qa5 4. d4 c6 5. Nf3 Nf6 6. Bc4 Bf5 7. Bd2 e6 8.
Nd5 Qd8 9. Nxf6+ Qxf6 10. Qe2 Nd7 11. O-O-O Bg4 12. Kb1 Nb6 13. Bb3 O-O-O 14.
c3 Nd5 15. h3 Bxf3 16. gxf3 Bd6 17. Ka1 Rhe8 18. c4 Nf4 19. Qe4 Kb8 20. Bc3 Qh6
21. Bc2 f5 22. Qe3 g5 23. b4 Ng2 24. Qe2 Nf4 25. Qe3 Ng2 26. Qe2 Nf4 27. Qe3
Ng2 1/2-1/2

[Event "Gibtelecom Masters"]
[Site "Gibraltar"]
[Date "2009.02.03"]
[Round "8.63"]
[White "Walton, Alan J"]
[Black "Lyons, Brendan"]
[Result "1-0"]
[WhiteElo "2189"]
[BlackElo "2060"]
[PlyCount "51"]
[EventDate "2009.01.27"]

1. d4 e6 2. e4 d5 3. e5 c5 4. c3 Nc6 5. Nf3 Nh6 6. a3 Nf5 7. b4 cxd4 8. cxd4
Qb6 9. Bb2 Be7 10. Bd3 O-O 11. O-O f6 12. Bxf5 exf5 13. Nc3 Be6 14. Ne2 g5 15.
Qd2 g4 16. Ne1 fxe5 17. dxe5 d4 18. Nd3 f4 19. Nc5 Nxe5 20. Nxd4 Bc4 21. Rfe1
Bxc5 22. Rxe5 Bd6 23. Rg5+ Kf7 24. Nf5 Rfd8 25. Qc3 Bf8 26. Qxc4+ 1-0

[Event "Gibtelecom Masters"]
[Site "Gibraltar"]
[Date "2009.02.03"]
[Round "8.65"]
[White "Perez Aleman, Pedro Tomas"]
[Black "Hamer, Martyn"]
[Result "1-0"]
[WhiteElo "2160"]
[BlackElo "2022"]
[PlyCount "53"]
[EventDate "2009.01.27"]

1. Nf3 Nf6 2. c4 g6 3. Nc3 Bg7 4. e4 d6 5. d4 O-O 6. h3 e5 7. d5 Nbd7 8. Bg5 a5
9. Bd3 Nc5 10. Bc2 c6 11. a3 Qc7 12. O-O h6 13. Be3 Nh5 14. Qd2 g5 15. Rad1 Rd8
16. dxc6 Qxc6 17. Nd5 Re8 18. Bxg5 hxg5 19. Qxg5 Nf4 20. Nf6+ Kf8 21. Rxd6 Qxd6
22. Qxg7+ Ke7 23. Nxe8 Kxe8 24. Rd1 Qc7 25. Nxe5 Nce6 26. Qg8+ Nf8 27. Rd8+ 1-0

[Event "Gibtelecom Masters"]
[Site "Gibraltar"]
[Date "2009.02.03"]
[Round "8.67"]
[White "Madland, Kristoffer"]
[Black "Knight, Simon"]
[Result "1/2-1/2"]
[WhiteElo "1992"]
[BlackElo "2148"]
[PlyCount "86"]
[EventDate "2009.01.27"]

1. e4 Nf6 2. Nc3 d6 3. d4 g6 4. Bc4 Bg7 5. Nf3 O-O 6. O-O Nc6 7. h3 e5 8. dxe5
Nxe5 9. Nxe5 dxe5 10. Qxd8 Rxd8 11. Be3 b6 12. f4 Be6 13. Bxe6 fxe6 14. Rad1
Nh5 15. fxe5 Ng3 16. Rfe1 Bxe5 17. Bf2 a6 18. Bxg3 Bxg3 19. Re3 Rxd1+ 20. Nxd1
Be5 21. Kf1 Rd8 22. Rd3 Rxd3 23. cxd3 Bd4 24. Ke2 Kf7 25. b3 Kf6 26. Ne3 Ke5
27. Kf3 b5 28. Nc2 Bc5 29. Kg4 Be7 30. Kf3 c5 31. a4 bxa4 32. bxa4 Bg5 33. Kg4
Bc1 34. Kf3 h5 35. Ke2 Kf4 36. Kf2 h4 37. Ke2 e5 38. Na1 Bb2 39. Nb3 Bd4 40.
Na5 Kg3 41. Kf1 g5 42. Nc4 Kf4 43. Ke2 Kg3 1/2-1/2

[Event "Gibtelecom Masters"]
[Site "Gibraltar"]
[Date "2009.02.03"]
[Round "8.69"]
[White "Spanton, Tim R"]
[Black "Hagen, Anders Gjerdrum"]
[Result "0-1"]
[WhiteElo "2008"]
[BlackElo "2110"]
[PlyCount "88"]
[EventDate "2009.01.27"]

1. c3 d5 2. Nf3 Nf6 3. d4 Bf5 4. Qb3 Qc8 5. Bg5 Nbd7 6. Nbd2 e6 7. Nh4 Bg6 8.
Nxg6 hxg6 9. e3 Bd6 10. h3 Nh7 11. Bf4 Bxf4 12. exf4 c6 13. Bd3 Qc7 14. g3 O-O
15. Nf3 c5 16. Qc2 Rac8 17. O-O cxd4 18. Nxd4 Nc5 19. Rfe1 Nxd3 20. Qxd3 Nf6
21. Kg2 Ne4 22. f3 Nf6 23. h4 Nh5 24. Re5 Qc4 25. Qd2 b5 26. a3 a5 27. Rh1 b4
28. axb4 axb4 29. cxb4 Ra8 30. b3 Qc7 31. Rc1 Ra2 32. Qxa2 Qxc1 33. Ne2 Qe1 34.
b5 f6 35. Rxh5 gxh5 36. b6 Rb8 37. b7 Qb4 38. Nd4 Qxb7 39. Nxe6 Qxb3 40. Qa7
Qb7 41. Qc5 Qb2+ 42. Kh3 Qb1 43. g4 Qh1+ 44. Kg3 Qe1+ 0-1

[Event "Gibtelecom Masters"]
[Site "Gibraltar"]
[Date "2009.02.03"]
[Round "8.71"]
[White "Whitehead, David J"]
[Black "Pettersen, Joar Gullestad"]
[Result "1/2-1/2"]
[WhiteElo "2155"]
[BlackElo "2016"]
[PlyCount "116"]
[EventDate "2009.01.27"]

1. e4 c5 2. Nf3 a6 3. d4 cxd4 4. Nxd4 e5 5. Nf5 d5 6. Ng3 Be6 7. Bd3 Nf6 8. O-O
Be7 9. Nc3 Nc6 10. exd5 Nxd5 11. Nxd5 Qxd5 12. Be4 Qxd1 13. Rxd1 O-O 14. Nf5
Bc5 15. Be3 Bxe3 16. fxe3 Bxf5 17. Bxf5 Rfd8 18. Be4 Kf8 19. Kf2 Ke7 20. Ke2 h6
21. c4 Rxd1 22. Rxd1 Rd8 23. Rxd8 Kxd8 24. a3 Kc7 25. g4 Ne7 26. b4 b6 27. Kd3
Kd6 28. h3 f6 29. Kc3 g6 30. a4 f5 31. gxf5 gxf5 32. Bg2 Nc6 33. b5 axb5 34.
axb5 Nd8 35. Kb4 Ne6 36. Kc3 Nc5 37. Bf1 e4 38. Kd4 Ne6+ 39. Kc3 Ke5 40. h4 Nc5
41. h5 f4 42. exf4+ Kxf4 43. Kd2 Kf3 44. Ke1 Ke3 45. Bg2 Kd4 46. Bf1 Nb7 47.
Kd2 Nd6 48. Be2 Nxc4+ 49. Bxc4 Kxc4 50. Ke3 Kxb5 51. Kxe4 Kc4 52. Kf5 Kd5 53.
Kg6 Ke6 54. Kxh6 Kf7 55. Kh7 b5 56. h6 b4 57. Kh8 b3 58. h7 b2 1/2-1/2

[Event "Gibtelecom Masters"]
[Site "Gibraltar"]
[Date "2009.02.03"]
[Round "8.72"]
[White "Cafolla, Peter"]
[Black "Machin Arbelo, Pedro Alexi"]
[Result "1/2-1/2"]
[WhiteElo "2013"]
[BlackElo "2134"]
[PlyCount "97"]
[EventDate "2009.01.27"]

1. d4 Nf6 2. c4 e6 3. Nc3 d5 4. Bg5 Bb4 5. e3 O-O 6. Nf3 c5 7. a3 Bxc3+ 8. bxc3
Qa5 9. Qc2 Ne4 10. cxd5 exd5 11. Bd3 cxd4 12. exd4 Qxc3+ 13. Qxc3 Nxc3 14. O-O
Nc6 15. h3 Re8 16. Be3 Ne4 17. Rab1 Nd6 18. Rfc1 Re7 19. Rc5 Ne4 20. Rc2 Be6
21. Rcb2 b6 22. Rc1 Na5 23. Rbc2 f6 24. Bf4 g5 25. Bh2 g4 26. hxg4 Bxg4 27. Ne1
Bd7 28. Nf3 Nb3 29. Re1 Rc8 30. Rxc8+ Bxc8 31. Bc2 Na5 32. Nd2 Kf7 33. Nxe4
dxe4 34. Rxe4 Rxe4 35. Bxe4 f5 36. Bd3 Ke6 37. Be5 Kd5 38. Be2 Nc4 39. Bxc4+
Kxc4 40. Kf1 Bb7 41. g3 b5 42. Ke2 a5 43. Kd2 b4 44. axb4 axb4 45. Bd6 Bd5 46.
Kc2 b3+ 47. Kb2 Kd3 48. f4 Kxd4 49. Be7 1/2-1/2

[Event "Gibtelecom Masters"]
[Site "Gibraltar"]
[Date "2009.02.03"]
[Round "8.73"]
[White "Flores Chico, Jorge"]
[Black "Haug, Marianne Wold"]
[Result "1/2-1/2"]
[WhiteElo "2121"]
[BlackElo "1935"]
[PlyCount "117"]
[EventDate "2009.01.27"]

1. d4 Nf6 2. Nc3 d5 3. Bg5 c5 4. Nf3 cxd4 5. Qxd4 Nc6 6. Qh4 e5 7. O-O-O Be6 8.
e4 d4 9. Nd5 Be7 10. c4 h6 11. Kb1 O-O 12. Bd3 hxg5 13. Nxg5 Re8 14. f4 Bd6 15.
Rhf1 Bxd5 16. cxd5 Nb4 17. f5 Rc8 18. a3 Nxd3 19. Rxd3 Qc7 20. Rh3 Kf8 21. Qh8+
Ke7 22. Qxg7 Rf8 23. Rh6 Ne8 24. Qh7 Nf6 25. Rxf6 Kxf6 26. Ne6 Qc2+ 27. Ka1 Ke7
28. f6+ Kd7 29. Qf5 fxe6 30. Qh7+ Ke8 31. dxe6 Rc7 32. Qg6+ Kd8 33. e7+ Rxe7
34. fxe7+ Bxe7 35. Rxf8+ Bxf8 36. Qf6+ Be7 37. Qxe5 Qc1+ 38. Ka2 Qc4+ 39. Kb1
d3 40. Qa5+ b6 41. Qxa7 Qc2+ 42. Ka1 d2 43. Qa8+ Kc7 44. Qa7+ Kc6 45. Qa8+ Kb5
46. Qd5+ Bc5 47. Qd7+ Ka6 48. Qc8+ Ka5 49. Qa8+ Kb5 50. Qe8+ Kc4 51. Qf7+ Kd3
52. Qf1+ Kd4 53. Qf6+ Kd3 54. Qf1+ Kxe4 55. Qf3+ Ke5 56. Qg3+ Kd4 57. Qf2+ Kd5
58. Qf7+ Ke5 59. Qg7+ 1/2-1/2

[Event "Gibtelecom Masters"]
[Site "Gibraltar"]
[Date "2009.02.03"]
[Round "8.75"]
[White "Fryer, David W"]
[Black "De Lillo, Michele"]
[Result "1-0"]
[WhiteElo "2080"]
[BlackElo "1918"]
[PlyCount "135"]
[EventDate "2009.01.27"]

1. e4 c5 2. Nc3 Nc6 3. g3 g6 4. Bg2 Bg7 5. d3 d6 6. Be3 Rb8 7. Qd2 b5 8. Nge2
Nd4 9. O-O e6 10. Nd1 Ne7 11. Nc1 O-O 12. c3 Ndc6 13. Bh6 e5 14. Bxg7 Kxg7 15.
f4 f6 16. Ne3 h5 17. Ne2 Bd7 18. h3 Qc8 19. Kh2 Qc7 20. Ng1 h4 21. gxh4 Rh8 22.
Nd5 Nxd5 23. exd5 Ne7 24. Qf2 Nf5 25. Be4 Rxh4 26. fxe5 fxe5 27. Qg2 Rf8 28.
Rf3 Rxe4 29. dxe4 Nh4 30. Qg3 Nxf3+ 31. Nxf3 Rf6 32. Rg1 Bc8 33. Ng5 Qd8 34.
Rg2 Qf8 35. a3 Qe8 36. b4 c4 37. h4 Qh8 38. Kg1 Qf8 39. h5 Rf1+ 40. Kh2 Qf4 41.
Ne6+ Bxe6 42. Qxf4 Rxf4 43. Rxg6+ Kf7 44. dxe6+ Ke7 45. h6 Rh4+ 46. Kg3 Rh1 47.
Kg2 Rh5 48. Kf3 Rh3+ 49. Kg4 Rh1 50. Rg7+ Kxe6 51. Kg5 Rg1+ 52. Kh5 Rh1+ 53.
Kg6 d5 54. exd5+ Kxd5 55. Rg8 Rg1+ 56. Kf7 Rf1+ 57. Ke7 Rh1 58. Rh8 e4 59. h7
Rh3 60. Kf6 Rxc3 61. Rg8 Rh3 62. h8=Q Rxh8 63. Rxh8 Kd4 64. Rd8+ Kc3 65. Ke5
Kb2 66. Kxe4 c3 67. Rd5 a6 68. Rd3 1-0

[Event "Gibtelecom Masters"]
[Site "Gibraltar"]
[Date "2009.02.03"]
[Round "8.76"]
[White "Lumsdon, Andrew"]
[Black "Webster, Richard J"]
[Result "1-0"]
[WhiteElo "2051"]
[BlackElo "1956"]
[PlyCount "79"]
[EventDate "2009.01.27"]

1. d4 d5 2. Nf3 c6 3. e3 Nf6 4. c4 e6 5. a3 Nbd7 6. Nbd2 Qc7 7. b4 e5 8. dxe5
Nxe5 9. Bb2 Nxf3+ 10. Nxf3 Bg4 11. h3 Bh5 12. g4 Bg6 13. g5 Ne4 14. cxd5 Rd8
15. Rc1 Qb6 16. Qb3 Rxd5 17. h4 Bh5 18. Nd4 f5 19. Bc4 Bf7 20. f3 Ng3 21. Rg1
f4 22. e4 Rd7 23. Bxf7+ Rxf7 24. Rg2 a5 25. b5 c5 26. Qe6+ Qxe6 27. Nxe6 b6 28.
Rd1 Nh5 29. Rgd2 Ra7 30. Be5 Re7 31. Nxf4 Rxe5 32. Nxh5 h6 33. Nf4 Kf7 34. Rd7+
Be7 35. g6+ Ke8 36. Rb7 Bxh4+ 37. Ke2 Rf8 38. Nd5 Bd8 39. Rxg7 Rh8 40. Nc7+ 1-0

[Event "Gibtelecom Masters"]
[Site "Gibraltar"]
[Date "2009.02.03"]
[Round "8.77"]
[White "Obiamiwe, Paul"]
[Black "Mozelius, Peter"]
[Result "1/2-1/2"]
[WhiteElo "2035"]
[BlackElo "1916"]
[PlyCount "84"]
[EventDate "2009.01.27"]

1. Nf3 g6 2. c4 Bg7 3. Nc3 d6 4. g3 e5 5. Bg2 Nc6 6. O-O Nf6 7. h3 O-O 8. d4
exd4 9. Nxd4 Nxd4 10. Qxd4 Re8 11. Qd3 Nd7 12. Qc2 Ne5 13. b3 Rb8 14. Bb2 Bf5
15. Qd2 Qc8 16. Kh2 Qd8 17. Rad1 h5 18. e4 Be6 19. f4 Nc6 20. f5 Bc8 21. fxg6
fxg6 22. Nd5 Ne5 23. Rf2 Be6 24. Nf4 Qg5 25. Rdf1 Kh7 26. Bc1 Qe7 27. Qe2 Rh8
28. Bb2 Rbf8 29. Bc1 Kg8 30. Bb2 Kh7 31. Kg1 Qe8 32. Nxe6 Qxe6 33. Bxe5 Qxe5
34. Rxf8 Rxf8 35. Rxf8 Bxf8 36. Qf3 Kg7 37. a4 b6 38. h4 Be7 39. Bh3 Bf6 40.
Bd7 Qa1+ 41. Kh2 Qb2+ 42. Kh3 Qc3 1/2-1/2

[Event "Gibtelecom Masters"]
[Site "Gibraltar"]
[Date "2009.02.03"]
[Round "8.78"]
[White "Hickman, John E"]
[Black "Brown, Thomas"]
[Result "1-0"]
[WhiteElo "2002"]
[BlackElo "2027"]
[PlyCount "81"]
[EventDate "2009.01.27"]

1. e4 c5 2. Nf3 g6 3. d3 Nc6 4. g3 Bg7 5. Bg2 b5 6. O-O Rb8 7. c3 d6 8. h3 Nf6
9. Re1 Qc7 10. d4 O-O 11. Qe2 Nd7 12. Be3 e5 13. Rd1 Re8 14. d5 Ne7 15. b3 h6
16. Nh2 Kh7 17. Nd2 f5 18. Rac1 Nf6 19. f3 Nh5 20. Bf2 Bf6 21. exf5 gxf5 22. f4
Ng7 23. fxe5 Bxe5 24. Ndf3 Bf6 25. Qd2 Qb7 26. Be3 Ng8 27. Bf4 Qd7 28. g4 Be5
29. Re1 Bxf4 30. Qxf4 Bb7 31. Nh4 Nf6 32. Nxf5 Nxf5 33. gxf5 Bxd5 34. Ng4 Nxg4
35. Bxd5 Ne5 36. Re3 Qg7+ 37. Rg3 Qf6 38. Kh1 Re7 39. Rcg1 Rf8 40. Be4 Rff7 41.
Rg6 1-0